Provincal Level Administrative Regions in China (Click Map) - Statistics

General Stats
  • This quiz has been taken 43 times
  • The average score is 24 of 34
Answers on the Map
Answers color-coded by a green-red scale on the quiz's map according to % correct below.
 
Answer Stats
Answer % Correct
BeiJing C. (Peking C.)
96%
Inner Mongolia A. (NeiMengGu A.)
91%
ShangHai C.
91%
Hong Kong S. (HK/Xianggang S.)
87%
TianJin C.
87%
XinJiang Uygur A. (XinJiang WeiWuEr A.)
87%
GuangDong P. (Canton P.)
83%
ShanDong P.
83%
SiChuan P. (SzeChuan P.)
83%
TaiWan P.
83%
ChongQing C.
78%
XiZang A. (Tibet A.)
78%
HaiNan P.
74%
Macao S. (Macau/AoMen S.)
74%
Shaanxi P.
74%
YunNan P.
74%
GuangXi Zhuang A.
65%
HeBei P.
65%
HeiLongJiang P.
65%
FuJian P.
61%
HuNan P.
61%
JiangSu P.
61%
JiLin P.
61%
AnHui P.
57%
HeNan P.
57%
HuBei P.
57%
NingXia Hui A.
57%
QingHai P.
57%
ShanXi P.
57%
GanSu P.
52%
GuiZhou P. (KweiChow P.)
52%
JiangXi P.
52%
LiaoNing P.
52%
ZheJiang P.
52%
No matching quizzes found
Score Distribution
Percent of People with Each Score
Percentile by Number Answered
Your Score History
You have not taken this quiz